01905cam a2200253 i 4500001001000000003000600010005001700016008004100033020001800074035002200092037003400114040007600148041000800224050002600232100002800258245003700286260003400323300004300357520064700400520053501047546001501582655002501597655002901622a41938047SIRSI20251020143805.0230721t20232023fr e 000 f fre d a9782226485618 a(OCoLC)1391697313 a204015114bGroupe Archambault aTOHbengerdacTOHdAUXAMdINDdZCUdIAYdTOHdOCLCOdEEMdPAUdUtOrBLW afre 4aPQ2674.O778bP79 2023 aNothomb, Amelieeauthor10aPsychopompec/ Amélie Nothomb. aParis :bAlbin Michel,c2023. a156 pages, 1 unnumbered page ;c20 cm. aDans Psychopompe, Amélie Nothomb se livre comme jamais auparavant. À travers une écriture à la fois poétique et introspective, elle évoque son lien intime avec la mort, la mémoire et la création. Ce récit autobiographique retrace son parcours d’écrivaine, depuis son enfance jusqu’à sa maturité, en explorant la manière dont l’écriture est devenue pour elle un guide — un « psychopompe » — entre le monde des vivants et celui des disparus. Entre confession et célébration, Nothomb signe ici un texte lumineux sur le pouvoir salvateur de la littérature et sur la beauté fragile de l’existence. aIn Psychopompe, Amélie Nothomb opens up more deeply than ever before. With poetic and introspective prose, she reflects on her intimate connection to death, memory, and the act of creation. This autobiographical story traces her journey as a writer—from childhood to maturity—revealing how writing became her guide, her “psychopomp,” between the world of the living and the dead. Both confession and celebration, this luminous work is a meditation on the saving power of literature and the fragile beauty of life itself. aIn French. 0aMythological fiction 0aAutobiographical fiction